Tilastot visalle Suomalaiset käännösbiisit

Klikkaa tästä pelataksesi tätä visaa!

Yleistilastot

  • Tätä visaa on pelattu 58 kertaa
  • Keskiarvotulos 4 / 15

Vastaustilastot

Alkuperäinen kappaleSuomenkielinen versio% Oikein
Toto Cutugno- L'ItalianoOlen suomalainen
92%
Loretta Goggi- Maledetta primaveraAikuinen nainen
61%
The Beatles- Penny LaneRööperiin
45%
Josh Groban- You raise me upKuin taivaisiin
35%
Marie Myriam- L'oiseau et l'enfantLintu ja lapsi
31%
The Kinks- Celluloid HeroesPaperitähdet
20%
Shocking Blue- Send me a postcardKirjoita postikorttiin
18%
Roberta Flack- Killing me softly with his songJokainen päivä on liikaa
16%
Bobby Bare- I've never gone to bed with an ugly womanEn koskaan mene sänkyyn ruman naisen kanssa
14%
Petula Clark- Beautiful in the rainKolmatta linjaa takaisin
10%
The Hollies- Bus StopAngelica
6%
Bon Jovi- Livin' on a prayerElän humpalla
6%
Trad.- Hava NagilaHanna ja Niilo
4%
David Bowie- Life on MarsSudenkorento
4%
C.F. Alexander- There is a green hill far awayVieraalla maalla kaukana
2%

Tulosjakauma

Persentiili vastausten määrän mukaan

Jokaisen tuloksen saaneiden osuus

Tuloshistoriasi

Et ole pelannut tätä visaa